000 00654nam a2200217Ia 4500
003 GCL
008 140319s9999 xx 000 0 ara d
040 _aGCL /
_cGCL
082 0 4 _a327.11
_bع ا
100 1 _aغازى عبدالرحمن القصيبى
245 1 0 _aازمة الخليج محاولة للفهم /
_cغازى عبدالرحمن القصيبى
260 _a[S.N] :
_bدار الساقى ،
_c1992
300 _a200 ص
490 _a
650 0 4 _aالكويت
650 0 4 _aالعالم العربى
650 0 4 _aالاحوال السياسية
650 0 4 _aالعراق
650 0 4 _aحرب الخليج
942 _2ddc
_cBK
999 _c31977
_d31977